000 00484nam a2200181Ia 4500
001 7737
005 20260306160517.0
008 260306t1995||||xx |||||||||||||| ||spa||
041 _aESP
082 _a359.835
_bG385 T. 2
100 _aGunston, Bill
_eAUT
245 0 _aGuía ilustrada de los acorazados y cruceros de batalla de la segunda guerra mundial (II)
260 _c1995
300 _a79 páginas :
_c22 cm.
650 _aGEN
654 _aCHU
942 _cLIB
_dJUS
_fJUS
_2ddc
_n
999 _c7737
_d7737